Hệ thống và hướng dẫn giải bài toán di truyền Dùng cho giáo viên sinh học, học sinh ôn thi ĐH

Wedi'i Gadw mewn:
Manylion Llyfryddiaeth
Prif Awdur: Nguyễn Minh Công
Awduron Eraill: Khuất Hữu Thanh, Đào Đại Thắng
Fformat: Llyfr
Cyhoeddwyd: Cần Thơ 1987
Pynciau:
Tagiau: Ychwanegu Tag
Dim Tagiau, Byddwch y cyntaf i dagio'r cofnod hwn!
Thư viện lưu trữ: Trung tâm Học liệu Lê Vũ Hùng, Trường Đại học Đồng Tháp
LEADER 01092pam a22002538a 4500
001 00022492
005 20171026081022.0
008 110530s1987 ||||||Viesd
041 0 # |a Vie 
082 1 4 |a 576.507 6  |b H250TH 
100 0 # |a Nguyễn Minh Công 
245 0 0 |a Hệ thống và hướng dẫn giải bài toán di truyền  |b Dùng cho giáo viên sinh học, học sinh ôn thi ĐH  |c Nguyễn Minh Công; Đào Đại Thắng, Khuất Hữu Thanh 
260 # # |a Cần Thơ  |c 1987 
300 # # |a 153 tr.  |c 19 cm. 
653 # # |a Bài tập 
653 # # |a Toán di truyền 
700 0 # |a Khuất Hữu Thanh 
700 0 # |a Đào Đại Thắng 
852 # # |b Kho giáo trình  |j KGT.0007901, KGT.0007902, KGT.0007903, KGT.0007920, KGT.0007921, KGT.0007922 
852 # # |b Kho mượn  |j KGT.0007901 
852 # # |b Kho đọc  |j KD.0007672 
852 # # |j KGT.0007903  |j KGT.0007920  |j KGT.0007922  |j KD.0007672  |j KGT.0007902  |j KGT.0007921 
910 0 # |a ngọc  |d 30/05/2011 
980 # # |a Trung tâm Học liệu Lê Vũ Hùng, Trường Đại học Đồng Tháp